| 000 | 00811nam a22003137a 4500 | ||
|---|---|---|---|
| 003 | OSt | ||
| 005 | 20140310181759.0 | ||
| 008 | 130702t xxu||||| |||| 00| 0 eng d | ||
| 020 | _a0333412737 | ||
| 050 |
_aAG 5 _b.M167 1986 |
||
| 082 |
_aREF 032 _bM22 1986 |
||
| 245 |
_aMacmillan children's encyclopedia / _cLeonard Sealey, General editor. |
||
| 250 | _a3rd ed. | ||
| 260 |
_aLondon : _bMacmillan Children's books, _cc1986. |
||
| 300 |
_a1009 p. _bcol. : ill. ; _c25 cm. |
||
| 520 | _a | ||
| 541 |
_i11 _j1 |
||
| 541 |
_i10 _j1 |
||
| 541 |
_i9 _j1 |
||
| 541 |
_i8 _j1 |
||
| 541 |
_i7 _j1 |
||
| 541 |
_i6 _j1 |
||
| 541 |
_i5 _j1 |
||
| 541 |
_i4 _j1 |
||
| 541 |
_i3 _j1 |
||
| 541 |
_i1 _j1 |
||
| 562 | _e10 | ||
| 942 |
_2lcc _cBK-GR _kREF |
||
| 999 |
_c3547 _d3547 |
||